The One Who’s Running The Show - Statistics

General Stats
  • This quiz has been taken 20 times
  • The average score is 161 of 198
Answer Stats
Lyrics % Correct
Am
100%
and
100%
answers
100%
are
100%
But
100%
could
100%
degree
100%
divinity
100%
end,
100%
Getting
100%
go
100%
I
100%
in
100%
infinity
100%
is
100%
It’s
100%
it’s
100%
kidding?
100%
me
100%
My
100%
news
100%
news
100%
on
100%
on
100%
past
100%
that
100%
the
100%
through?
100%
to
100%
to
100%
To
100%
to
100%
We
100%
we
100%
which
100%
who
100%
who
100%
who
100%
you
100%
a
90%
ain’t
90%
bite
90%
Don’t
90%
feeds,
90%
getting
90%
got
90%
hand
90%
hand
90%
has
90%
if
90%
it’s
90%
mouth
90%
need
90%
only
90%
our
90%
plummeted
90%
regime
90%
scream
90%
Seems
90%
south
90%
that
90%
the
90%
the
90%
to
90%
when
90%
Why
90%
you
90%
you’re
90%
a
80%
a
80%
a
80%
Absolute
80%
all
80%
And
80%
are
80%
at
80%
be
80%
because
80%
best
80%
bliss
80%
Caine,
80%
Congratulations,
80%
don’t
80%
ever
80%
feeling
80%
forget
80%
friends
80%
getting
80%
god
80%
gonna
80%
great
80%
host
80%
I
80%
I’m
80%
I’m
80%
Is
80%
is
80%
It’s
80%
Just
80%
look
80%
marquee
80%
my
80%
my
80%
name
80%
Not
80%
of
80%
Oh,
80%
Oh,
80%
on
80%
only
80%
place
80%
place,
80%
Public
80%
Put
80%
relations
80%
run
80%
running
80%
see
80%
shame
80%
shock
80%
show
80%
So
80%
Sunday
80%
that
80%
that
80%
the
80%
the
80%
the
80%
the
80%
this
80%
this
80%
time
80%
used?
80%
walk
80%
Watch
80%
what
80%
what
80%
where
80%
who’s
80%
you
80%
you
80%
your
80%
you’re
80%
and
70%
and
70%
chin
70%
cleanse
70%
close
70%
enthused?
70%
games
70%
ignore
70%
I’m
70%
in
70%
it
70%
just
70%
Now,
70%
nowhere
70%
on
70%
on
70%
one
70%
pains
70%
play
70%
quitting
70%
running
70%
show
70%
strap
70%
take
70%
That
70%
the
70%
the
70%
the
70%
the
70%
the
70%
to
70%
who’s
70%
Yeah!
70%
all
60%
blind
60%
brains
60%
but
60%
'Cause
60%
damned
60%
how
60%
is
60%
prime
60%
see
60%
So
60%
that
60%
to
60%
too
60%
you
60%
your
60%
you’re
60%
me,
50%
remains
50%
to
50%
whine
50%
You
50%
No matching quizzes found
Score Distribution
Percent of People with Each Score
Percentile by Number Answered
Your Score History
You have not taken this quiz